Король Клин-борода (Запись № 5017157)

Подробности
000 -МАРКЕР
контрольное поле 01384nam0a22002891 4500
001 - ИДЕНТИФИКАТОР ЗАПИСИ
контрольное поле v19\rc\2094632
005 - ИДЕНТИФИКАТОР ВЕРСИИ
контрольное поле 20260406133344.0
035 ## - ДРУГИЕ СИСТЕМНЫЕ НОМЕРА
Идентификатор записи (NLR Aleph) 005164693
100 ## - ДАННЫЕ ОБЩЕЙ ОБРАБОТКИ
Данные общей обработки 20081218d1914 |||y0rusy50 ca
101 0# - ЯЗЫК РЕСУРСА
Язык текста, звукозаписи и т.д. русский
-- немецкий
102 ## - СТРАНА ПУБЛИКАЦИИ ИЛИ ПРОИЗВОДСТВА
Страна публикации Российская Федерация
105 ## - ПОЛЕ КОДИРОВАННЫХ ДАННЫХ: ТЕКСТОВЫЕ МАТЕРИАЛЫ, МОНОГРАФИЧЕСКИЕ
Кодированные данные о монографическом текстовом документе y z |||a|
200 1# - ЗАГЛАВИЕ И СВЕДЕНИЯ ОБ ОТВЕТСТВЕННОСТИ
Основное заглавие Король Клин-борода
Параллельное заглавие König Drosselbart
Сведения, относящиеся к заглавию Сказка для школьного театра в 2 карт. в стихах
-- Nach dem Grimmschen Märchen... eingerichtet und in lustige Verse gesetzt von Ad. F.
-- (На нем. яз.)
Язык параллельного заглавия немецкий
210 ## - ПУБЛИКАЦИЯ, РАСПРОСТРАНЕНИЕ И ДР.
Место издания, распространения и т.д. Санкт-Петербург
Имя издателя, распространителя и т. д. тип. А.Э. Коллинс (б. Ю.Н. Эрлих)
Дата издания, распространения и т.д. 1914
215 ## - ФИЗИЧЕСКАЯ ХАРАКТЕРИСТИКА
Специфическое обозначение материала и объем [2], 26 с.
Размеры 21
300 ## - ОБЩИЕ ПРИМЕЧАНИЯ
Текст примечания Авт. раскрыт по аналогии с другими его произведениями
510 0# - ПАРАЛЛЕЛЬНОЕ ЗАГЛАВИЕ
Параллельное заглавие König Drosselbart
Язык заглавия немецкий
700 #1 - ИМЯ ЛИЦА - ПЕРВИЧНАЯ ОТВЕТСТВЕННОСТЬ
Графика поля Кириллица
Материалы, к которым относится поле rus
Начальный элемент ввода Федоров
Часть имени, кроме начального элемента ввода А. Ф.
Дополнения к именам, кроме дат педагог, драматург
Даты 1864-1928
Расширение инициалов личного имени Адольф Федорович
Идентификатор авторитетной/нормативной записи RU\NLR\AUTH\770279461
Системный номер авторитетной/нормативной записи 2651428
702 #1 - ИМЯ ЛИЦА - ВТОРИЧНАЯ ОТВЕТСТВЕННОСТЬ
Код отношения Прочие
Графика поля Кириллица
Материалы, к которым относится поле rus
Начальный элемент ввода Гримм
Часть имени, кроме начального элемента ввода В. К.
Даты 1786-1859
Расширение инициалов личного имени Вильгельм Карл
Идентификатор авторитетной/нормативной записи RU\NLR\AUTH\772018
Системный номер авторитетной/нормативной записи 112035
702 #1 - ИМЯ ЛИЦА - ВТОРИЧНАЯ ОТВЕТСТВЕННОСТЬ
Код отношения Прочие
Графика поля Кириллица
Материалы, к которым относится поле rus
Начальный элемент ввода Гримм
Часть имени, кроме начального элемента ввода Я.
Даты 1785-1863
Расширение инициалов личного имени Якоб
Идентификатор авторитетной/нормативной записи RU\NLR\AUTH\772021
Системный номер авторитетной/нормативной записи 112038
801 #0 - ИСТОЧНИК ЗАПИСИ
Страна Российская Федерация
Организация NLR
Правила каталогизации psbo
801 #1 - ИСТОЧНИК ЗАПИСИ
Страна Российская Федерация
Организация ProSoft-M
Источник данных rusmarc
852 ## - МЕСТОНАХОЖДЕНИЕ И ШИФР ХРАНЕНИЯ
Идентификатор организации NLR
Шифр хранения (Call Number) 37.53.6.115
942 ## - ДОПОЛНИТЕЛЬНЫЕ ЭЛЕМЕНТЫ ЗАПИСИ (АБИС)
Тип экземпляра АБИС Книга
980 ## - КОЛЛЕКЦИЯ
Название коллекции Национальная библиография
Экземпляры
Тип экземпляра Дата поступления Библиотека постоянного хранения Библиотека текущего хранения Место хранения Шифр хранения Штрих-код Статус экземпляра
Книга 26.10.2013 РНБ (Садовая) РНБ (Садовая) Русский книжный фонд -Главное здание, Ленинский читальный зал 37.53.6.115 5164693-10